000 00502nam a2200157 a 4500
001 13140
005 20180713201501.0
008 140415s1994 000 0 spa d
041 _aspa
082 _a320.72
_bMOR
100 1 _aMORALES CAMARENA, FRANCISCO J.
245 1 3 _aLA TECNOCRACIA EN MEXICO :
_bLAS ACTITUDES POLITICAS DE LOS FUNCIONARIOS PUBLICOS
260 _a[s.l.] :
_bCAMBIO XXI,
_c1994
300 _a225
650 1 4 _aADMINISTRACION PUBLICA
_xFUNCIONARIOS PUBLICOS
_xMEXICO
999 _c13140
_d13140